000 00636nam a2200229Ia 4500
005 20250508163617.0
008 008 250505s9999 xx 000 0 eng d
020 _a0-13-035783-9
037 _aReference
040 _aFEDL
_beng
_cFEDL
041 _aeng
_2eng
084 _a158, ATW
_qFEDL
100 _aAtwater Eastwood
245 0 _aPsychology for living: Adjustment, growth and behavior today
250 _a5
260 _aNew Jersey, USA
_bPrentice- Hall
_c1994
300 _axvii,486
365 _aUSD
_b46
650 _aAppplied psychology
_9775751
942 _cREF
_h158, ATW
999 _c1384344
_d1384344